80 Años Orquesta Sinfónica Nacional del Perú / (Record no. 23311)

000 -CABECERA
fixed length control field 01093nam a22002657i 4500
003 - IDENTIFICADOR DEL NÚMERO DE CONTROL
control field AR-CdUCM
008 - DATOS DE LONGITUD FIJA--INFORMACIÓN GENERAL
fixed length control field 250714b20232023 pe||||| |||| 00| 0 spa d
020 ## - NÚMERO INTERNACIONAL ESTÁNDAR DEL LIBRO
ISBN 978-612-4391-88-0
040 ## - FUENTE DE LA CATALOGACIÓN
Agencia/entidad que catalogó originalmente la obra MUNICIPALIDAD PROVINCIAL DEL CUSCO
Entidad que transcribió la catalogación BIBLIOTECA MUNICIPAL DEL CUSCO
082 ## - NÚMERO DE LA CLASIFICACIÓN DECIMAL DEWEY
No. de Clasificación 784 / R82 / 2023
Notacion interna R82 / 2023
100 ## - ENTRADA PRINCIPAL--NOMBRE DE PERSONA
Nombre Personal Roncagliolo Bonicelli, Luis José
245 ## - MENCIÓN DE TÍTULO
Título 80 Años Orquesta Sinfónica Nacional del Perú /
260 ## - PUBLICACIÓN, DISTRIBUCIÓN, ETC.
Lugar de publicación, distribución, etc. Lima :
Nombre de la editorial, distribuidor, etc. Ministerio de Cultura
Fecha de publicación, distribución, etc. 2023
300 ## - DESCRIPCIÓN FÍSICA
Nº de Páginas Extensión 265 páginas. :
Otros detalles físicos Ilustraciones
Dimensiones 26x28 cm.
505 ## - NOTA DE CONTENIDO CON FORMATO
Nota de contenido formateada Creación de la orquesta -- La década de oro -- Continuidad germánica y cambio generacional -- El primer director peruano -- Luis Herrera de la Puente -- Ecos Sinfónicos de un Proyecto Nacional -- La década de 1980.
650 ## - PUNTO DE ACCESO ADICIONAL DE MATERIA--TÉRMINO DE MATERIA
Descriptor Sinfónica de Lima
9 (RLIN) 51204
650 ## - PUNTO DE ACCESO ADICIONAL DE MATERIA--TÉRMINO DE MATERIA
Descriptor Música sinfónica
9 (RLIN) 51205
650 ## - PUNTO DE ACCESO ADICIONAL DE MATERIA--TÉRMINO DE MATERIA
Descriptor Primer concierto
9 (RLIN) 51206
650 ## - PUNTO DE ACCESO ADICIONAL DE MATERIA--TÉRMINO DE MATERIA
Descriptor Ecps sinfonicos
9 (RLIN) 51207
650 ## - PUNTO DE ACCESO ADICIONAL DE MATERIA--TÉRMINO DE MATERIA
Descriptor 60 aniversario
9 (RLIN) 51208
650 ## - PUNTO DE ACCESO ADICIONAL DE MATERIA--TÉRMINO DE MATERIA
Descriptor Artistas internacionales
9 (RLIN) 51209
942 ## - ELEMENTOS DE PUNTO DE ACCESO ADICIONAL (KOHA)
Fuente de clasificación
Tipo de item Libros-BMC
945 ## - PROCESAMIENTO DE INFORMACIÓN LOCAL (OCLC)
Catalogador pbjr
AAAA-MM-DD - Fecha de ingreso o modificacion 14-07-2025
Holdings
Estado de retiro (separado) Fuente de clasificación o esquema de estanterías Estado dañado Ubicación Sala donde se ubica Nombre de la colección Fecha de adquisición o compra Fuente de adquisición Costo, precio normal en soles Signatura topográfica Código de Barras Última vez visto (Koha) Tipo de ítem (Koha)
No     Sala Artes Sala Artes Book Cart 2025-07-14 Donación 50.00 784 / R82 / 2023 SA0000000779 2025-07-14 Libros-BMC

Powered by Koha